000
00207nam a22000857a 4500
008
160715b xxu||||| |||| 00| 0 eng d
100
_9
2885
_a
Egmont
245
_a
Land of Black Gold
260
_a
USA
_b
Macmillan
_c
2009
999
_c
2457
_d
2457